000 00433nam a2200157Ia 4500
008 100122s9999 xx 000 0 und d
082 _b58676
_a823.08
100 _aपेठे मेघना
245 _aहंस अकेला
250 _a2
260 _bराजहंस प्रकाशन
_c1998
300 _a152
630 _aहंस अकेला
730 _aहंस अकेला
942 _cBOOK
999 _c434507
_d434504